[Event "Sudeste/Centro-Oeste-ch U1600"]
[Site "Barbacena"]
[Date "2019.10.26"]
[Round "2"]
[White "Julca, Keven Anthony Mende"]
[Black "Santos, Raul De Assis"]
[Result "1-0"]
[WhiteElo "1169"]
[BlackElo "1800"]
[PlyCount "99"]
[EventDate "2019.10.25"]
[EventType "swiss"]
[EventRounds "6"]
[EventCountry "BRA"]
[SourceTitle "CBM 193 Extra"]
[Source "ChessBase"]
[SourceDate "2020.01.31"]
[SourceVersion "1"]
[SourceVersionDate "2020.01.31"]
[SourceQuality "1"]

1. e4 c5 2. Nf3 d6 3. d4 cxd4 4. Nxd4 Nf6 5. Nc3 a6 6. Bc4 e6 7. Bg5 Nbd7 8. Qd2 b5 9. Be2 Bb7 10. 0-0 Be7 11. Bf3 0-0 12. e5 Bxf3 13. exf6 Bxf6 14. Bxf6 Nxf6 15. Nxf3 d5 16. Ne2 Rc8 17. c3 Qc7 18. Qg5 Ne4 19. Qe5 Qc4 20. Rfe1 Qc5 21. Ned4 b4 22. cxb4 Qxb4 23. Nb3 Rc2 24. Rf1 Rfc8 25. Rac1 Rxc1 26. Rxc1 Rxc1+ 27. Nxc1 Qb6 28. Nd3 f6 29. Qd4 Qc6 30. g3 e5 31. Qb4 Nd6 32. Nc5 d4 33. Qb3+ Kf8 34. Ne6+ Ke7 35. Nxg7 Qc1+ 36. Kg2 Qc7 37. Qe6+ Kd8 38. Qxf6+ Kc8 39. Ne6 Qd7 40. Nxe5 Qe8 41. Nc5 Kc7 42. Nxa6+ Kb6 43. Qxd6+ Ka7 44. Nc5 Qa8+ 45. Nf3 Qc8 46. a4 d3 47. a5 d2 48. Nxd2 Qa8+ 49. f3 h5 50. Qb6# 1-0